A Guide to Information Technology (Cyber Laws & E-commerce) (Record no. 122)

MARC details
000 -LEADER
fixed length control field 00421nam a22001577a 4500
005 - DATE AND TIME OF LATEST TRANSACTION
control field 20180201121019.0
008 - FIXED-LENGTH DATA ELEMENTS--GENERAL INFORMATION
fixed length control field 160427b xxu||||| |||| 00| 0 eng d
020 ## - INTERNATIONAL STANDARD BOOK NUMBER
ISBN N/A
041 ## - LANGUAGE CODE
Language code of text/sound track or separate title eng
082 ## - DEWEY DECIMAL CLASSIFICATION NUMBER
Item number 00390
Classification number 004
100 ## - MAIN ENTRY--AUTHOR NAME
Personal name Syed, Shakil Ahmed and raheja rajiv
245 ## - TITLE STATEMENT
Title A Guide to Information Technology (Cyber Laws & E-commerce)
260 ## - PUBLICATION, DISTRIBUTION, ETC. (IMPRINT)
Place of publication Delhi
Name of publisher Capital Law House
Year of publication 2001
300 ## - PHYSICAL DESCRIPTION
Number of Pages 346
942 ## - ADDED ENTRY ELEMENTS (KOHA)
Koha item type Books
Holdings
Lost status Damaged status Collection code Home library Current library Shelving location Date acquired Source of acquisition Cost, normal purchase price Full call number Accession Number Koha item type
    CS/IT JRU Library JRU Library SHELF-48-E 27/04/2016 PURCHASE 294.00 004 00390 Books